Michelangiolesco incendio dei sensi : poesie /

Guardat en:
Dades bibliogràfiques
Autors principals: Di Salvo, Riccardo (Autor), Marchese, Claudio, (1952-) (Autor), Cavallaro, Fabrizio (Autor)
Format: Llibre
Idioma:italià
Publicat: Catania : Kalonglbte, 2009
Etiquetes: Afegir etiqueta
Sense etiquetes, Sigues el primer a etiquetar aquest registre!

MARC

LEADER 00000nam a22000007i 4500
001 IT\ICCU\UBO\3735469
003 ItRI
005 20260115232340.0
008 091214s2009 it |||||| ||||| |||||c
040 |b ita  |c importazione bologna sebina 
041 7 |a ita  |2 ISO-639-2 
100 1 |a Di Salvo, Riccardo  |0 IT\ICCU\PALV\048569  |4 aut 
245 1 0 |a Michelangiolesco incendio dei sensi :  |b poesie /  |c Riccardo Di Salvo, Claudio Marchese, Fabrizio Cavallaro. 
260 |a Catania :  |b Kalonglbte,  |c 2009 
300 |a 63 p. :  |b ill. ;  |c 21 cm. 
700 1 |a Marchese, Claudio,  |d  (1952-)  |0 IT\ICCU\CFIV\007151  |4 aut 
700 1 |a Cavallaro, Fabrizio  |0 IT\ICCU\PALV\040079  |4 aut 
942 |2 ddc  |c BK  |n 0 
952 |0 0  |1 0  |4 0  |6 DOC_851_920000000000000_DIS  |7 0  |9 24612  |a BO  |b BO  |d 2026-01-15  |i 13204  |l 0  |o DOC 851.920 DIS  |p BO13204  |r 2026-01-15 23:23:40  |w 2026-01-15  |x [Sebina 5] [1 v. (2. copia)]  |y BK  |z 1 v. (2. copia) 
952 |0 0  |1 0  |4 0  |6 DOC_851_920000000000000_DIS  |7 0  |9 24613  |a BO  |b BO  |d 2026-01-15  |i 13203  |l 0  |o DOC 851.920 DIS  |p BO13203  |r 2026-01-15 23:23:40  |w 2026-01-15  |x [Sebina 5] [1 v.]  |y BK  |z 1 v. 
999 |c 20936  |d 20936